[Event "Astana 82/341"]
[Site "?"]
[Date "2001.??.??"]
[Round "?"]
[White "Kasparov, Garry"]
[Black "Morozevich, A."]
[Result "1/2-1/2"]
[WhiteElo "2835"]
[BlackElo "2749"]
[PlyCount "87"]
[EventDate "2001.??.??"]
[Source "Chess Informant"]
[SourceDate "2001.06.01"]

1. d4 d5 2. c4 c6 3. Nf3 Nf6 4. Nc3 dxc4 5. a4 Bf5 6. Ne5 Nbd7 7. Nxc4 Nd5 8. g3 e5 9. Bg2 exd4 10. Qxd4 Qf6 11. Qxf6 N7xf6 12. Nxd5 cxd5 13. Ne3 Be6 14. O-O Bc5 15. Rd1 O-O 16. Nxd5 Nxd5 17. Bxd5 Rad8 18. e4 Bxd5 19. exd5 Rd7 20. Rb1 a5 21. d6 Rfd8 22. Rd5 b6 23. Bf4 f6 24. Rbd1 Kf7 25. Kg2 Ke6 26. Kf3 g6 27. g4 Bxd6 28. h4 Bxf4 29. Rxd7 Rxd7 30. Rxd7 Kxd7 31. Kxf4 Kd6 32. Ke4 Kc5 33. f4 Kb4 34. f5 gxf5+ 35. Kxf5 Kxa4 36. Kxf6 Kb3 37. Kg7 Kxb2 38. Kxh7 a4 39. g5 a3 40. g6 a2 41. g7 a1=Q 42. g8=Q Qb1+ 43. Qg6 b5 44. h5 1/2-1/2

[Event "Dos Hermanas"]
[Site "?"]
[Date "1997.??.??"]
[Round "?"]
[White "Topalov, V."]
[Black "Anand, V."]
[Result "1/2-1/2"]
[WhiteElo "2725"]
[BlackElo "2765"]
[PlyCount "51"]
[EventDate "1997.??.??"]
[Source "ChessBase"]
[SourceDate "1997.02.01"]

1. d4 Nf6 2. Nf3 d5 3. c4 c6 4. Nc3 dxc4 5. a4 Bf5 6. Ne5 e6 7. f3 Bb4 8. e4 Bxe4 9. fxe4 Nxe4 10. Bd2 Qxd4 11. Nxe4 Qxe4+ 12. Qe2 Bxd2+ 13. Kxd2 Qd5+ 14. Kc2 Na6 15. Nxc4 b5 16. axb5 Nb4+ 17. Kc3 cxb5 18. Rd1 bxc4 19. Rxd5 Nxd5+ 20. Kc2 O-O 21. Qe4 Rfc8 22. h4 Rc5 23. Rh3 Rac8 24. Ra3 a5 25. Kc1 h5 26. Qd4 1/2-1/2

[Event "Sarajevo Bosnia"]
[Site "Sarajevo"]
[Date "2003.05.21"]
[Round "4"]
[White "Shirov, Alexei"]
[Black "Bareev, Evgeny"]
[Result "1/2-1/2"]
[WhiteElo "2735"]
[BlackElo "2734"]
[PlyCount "67"]
[EventDate "2003.05.18"]
[Source "ChessBase"]
[SourceDate "2003.09.25"]

1. d4 d5 2. c4 c6 3. Nc3 Nf6 4. Nf3 dxc4 5. a4 Bf5 6. Ne5 Nbd7 7. Nxc4 Qc7 8. g3 e5 9. dxe5 Nxe5 10. Bf4 Nfd7 11. Bg2 g5 12. Ne3 gxf4 13. Nxf5 O-O-O 14. O-O Nc5 15. Qc2 Ne6 16. Rad1 Bc5 17. Ne4 Bb4 18. Rxd8+ Rxd8 19. Rd1 a5 20. b3 Rxd1+ 21. Qxd1 Qd8 22. Qa1 f6 23. Qc1 fxg3 24. hxg3 Ng5 25. f4 Nxe4 26. Bxe4 Nd7 27. Bc2 Qe8 28. Qd1 Kc7 29. Kg2 Qe6 30. e3 Nc5 31. g4 Bc3 32. Kf3 Bb4 33. Ng3 Qf7 34. Nf5 1/2-1/2

[Event "V Match Cina-Russia"]
[Site "Ningpo CINA"]
[Date "2008.09.20"]
[Round "3"]
[White "Svidler, P."]
[Black "Wang Yue"]
[Result "1/2-1/2"]
[WhiteElo "2738"]
[BlackElo "2704"]
[PlyCount "29"]
[EventDate "2008.09.18"]
[Source "www.chesslib.no"]
[SourceDate "2004.05.04"]

1. d4 d5 2. c4 c6 3. Nf3 Nf6 4. Nc3 dxc4 5. a4 Bf5 6. Ne5 Nbd7 7. Nxc4 Nb6 8. Ne5 a5 9. g3 Nfd7 10. Nf3 e6 11. e4 Bg4 12. Bg2 e5 13. O-O exd4 14. Qxd4 f6 15. Be3 1/2-1/2

[Event "Desafio Sao Paulo"]
[Site "?"]
[Date "2004.08.23"]
[Round "7"]
[White "Vescovi Giovanni P"]
[Black "Anand Viswanathan"]
[Result "0-1"]
[WhiteElo "2648"]
[BlackElo "2782"]
[PlyCount "76"]
[EventDate "2004.??.??"]
[Source "www.chesslib.no"]
[SourceDate "2004.05.04"]

1. d4 d5 2. Nf3 Nf6 3. c4 c6 4. Nc3 dxc4 5. a4 Bf5 6. Ne5 Nbd7 7. Nxc4 Nb6 8. Ne5 a5 9. g3 e6 10. Bg2 Bb4 11. O-O h6 12. f3 O-O 13. e4 Bh7 14. Be3 Nfd7 15. Qe2 Nxe5 16. dxe5 Nd7 17. Rfd1 Qe7 18. f4 Rfd8 19. Qf2 f6 20. Na2 fxe5 21. Nxb4 axb4 22. f5 Nf6 23. h3 Rxd1+ 24. Rxd1 Rd8 25. Rxd8+ Qxd8 26. Qc2 exf5 27. Qc4+ Kh8 28. Qxb4 Qd3 29. Kf2 f4 30. gxf4 exf4 31. Qf8+ Bg8 32. Bxf4 Qd4+ 33. Kg3 Qg1 34. Kf3 Nxe4 35. Be3 Qd1+ 36. Kf4 g5+ 37. Kf5 Qd5+ 38. Kg6 Qe6+ 0-1

[Event "Tilburg Fontys"]
[Site "Tilburg"]
[Date "1998.10.31"]
[Round "8"]
[White "Kramnik, Vladimir"]
[Black "Van Wely, Loek"]
[Result "1/2-1/2"]
[WhiteElo "2780"]
[BlackElo "2635"]
[PlyCount "60"]
[EventDate "1998.10.23"]
[Source "www.chesslib.no"]
[SourceDate "2004.05.04"]

1. d4 d5 2. c4 c6 3. Nf3 Nf6 4. Nc3 dxc4 5. a4 Bf5 6. Ne5 e6 7. f3 Bb4 8. e4 Bxe4 9. fxe4 Nxe4 10. Bd2 Qxd4 11. Nxe4 Qxe4+ 12. Qe2 Bxd2+ 13. Kxd2 Qd5+ 14. Kc2 Na6 15. Nxc4 O-O 16. Qe5 Rab8 17. Be2 Nb4+ 18. Kc3 b5 19. Rhd1 f6 20. Qg3 Qe4 21. Ne3 Nd5+ 22. Nxd5 cxd5 23. Bd3 Rfc8+ 24. Kd2 Qb4+ 25. Ke2 bxa4 26. Kf1 Rb6 27. Qe3 Qb3 28. Rd2 g6 29. Qd4 Qb4 30. Be2 Qxd4 1/2-1/2

[Event "Montecatini Terme"]
[Site "?"]
[Date "2000.??.??"]
[Round "?"]
[White "Ivanchuk, V."]
[Black "Bareev, E."]
[Result "1/2-1/2"]
[WhiteElo "2715"]
[BlackElo "2700"]
[PlyCount "134"]
[EventDate "2000.??.??"]
[Source "Chess Informant"]
[SourceDate "2000.06.01"]

1. d4 d5 2. c4 c6 3. Nf3 Nf6 4. Nc3 dxc4 5. a4 Bf5 6. Ne5 e6 7. f3 Bb4 8. e4 Bxe4 9. fxe4 Nxe4 10. Bd2 Qxd4 11. Nxe4 Qxe4+ 12. Qe2 Bxd2+ 13. Kxd2 Qd5+ 14. Kc2 Na6 15. Nxc4 O-O 16. Qe5 Rab8 17. a5 Rfd8 18. Be2 f6 19. Qxd5 cxd5 20. Nd2 Kf7 21. Rhc1 Rdc8+ 22. Kd1 Ke7 23. Nb3 e5 24. Rc3 Rxc3 25. bxc3 Nc7 26. c4 dxc4 27. Bxc4 Rd8+ 28. Ke2 Nd5 29. g3 Nc3+ 30. Ke3 Nd1+ 31. Kf3 Nb2 32. Bf1 Rc8 33. Nd2 Rc2 34. Ke3 f5 35. Rb1 f4+ 36. gxf4 exf4+ 37. Ke2 b6 38. axb6 axb6 39. Ke1 g5 40. Ra1 g4 41. Ra7+ Kd6 42. Bb5 Rc1+ 43. Ke2 Rh1 44. Rxh7 g3 45. Ne4+ Ke6 46. Kf3 Rxh2 47. Rd7 Ke5 48. Re7+ Kd4 49. Bf1 Rh1 50. Rd7+ Ke5 51. Bg2 Rh6 52. Ng5 Nc4 53. Nf7+ Ke6 54. Rd4 Kxf7 55. Rxc4 Ke7 56. Rc7+ Kd6 57. Rf7 Ke5 58. Re7+ Re6 59. Rh7 Rf6 60. Bh3 Kd5 61. Rh5+ Kd4 62. Bf5 b5 63. Kxf4 g2 64. Rg5 b4 65. Rxg2 b3 66. Kg5 Rxf5+ 67. Kxf5 Kc3 1/2-1/2

[Event "Beograd 71/388"]
[Site "?"]
[Date "1997.??.??"]
[Round "?"]
[White "Beliavsky, Alexander G"]
[Black "Shirov, Alexei"]
[Result "1-0"]
[WhiteElo "2710"]
[BlackElo "2700"]
[PlyCount "75"]
[EventDate "1997.??.??"]
[Source "ChessBase"]
[SourceDate "1997.10.01"]

1. Nf3 d5 2. d4 c6 3. c4 Nf6 4. Nc3 dxc4 5. a4 Bf5 6. Ne5 e6 7. f3 Bb4 8. e4 Bxe4 9. fxe4 Nxe4 10. Bd2 Qxd4 11. Nxe4 Qxe4+ 12. Qe2 Bxd2+ 13. Kxd2 Qd5+ 14. Kc2 Na6 15. Nxc4 O-O 16. Qf3 Qc5 17. Kb1 Nb4 18. Be2 Rad8 19. Rc1 Qg5 20. Qg4 Qc5 21. Ra3 Rd4 22. Qh5 Qd5 23. Qxd5 exd5 24. Nd6 b6 25. Re3 g6 26. Re7 a6 27. Rf1 f5 28. g4 Rd8 29. Re6 fxg4 30. Ne8 Nd3 31. Nf6+ Kf7 32. Rxc6 Nf4 33. Bxa6 Rxa4 34. Nxg4 Rxa6 35. Rxf4+ Ke7 36. Ne5 Rd6 37. Rc7+ Ke6 38. Nd3 1-0

[Event "Wijk aan Zee 83/(374)"]
[Site "?"]
[Date "2002.??.??"]
[Round "?"]
[White "Gelfand, B."]
[Black "Bareev, E."]
[Result "1/2-1/2"]
[WhiteElo "2703"]
[BlackElo "2707"]
[PlyCount "44"]
[EventDate "2002.??.??"]
[Source "Chess Informant"]
[SourceDate "2001.10.01"]

1. d4 d5 2. c4 c6 3. Nc3 Nf6 4. Nf3 dxc4 5. a4 Bf5 6. Ne5 Nbd7 7. Nxc4 Qc7 8. g3 e5 9. dxe5 Nxe5 10. Bf4 Nfd7 11. Bg2 g5 12. Nxe5 gxf4 13. Nxd7 Bxd7 14. Qd4 Rg8 15. Qe4+ Be7 16. Bh3 O-O-O 17. Bxd7+ Qxd7 18. Qxf4 Bg5 19. Qf3 Bd2+ 20. Kf1 Qh3+ 21. Qg2 Qe6 22. Qe4 Qh3+ 1/2-1/2

[Event "Corus"]
[Site "Wijk aan Zee"]
[Date "2000.01.29"]
[Round "12"]
[White "Piket, Jeroen"]
[Black "Anand, Viswanathan"]
[Result "1/2-1/2"]
[WhiteElo "2633"]
[BlackElo "2769"]
[PlyCount "34"]
[EventDate "2000.01.15"]
[Source "ChessBase"]
[SourceDate "2000.04.05"]

1. d4 d5 2. c4 c6 3. Nf3 Nf6 4. Nc3 dxc4 5. a4 Bf5 6. Ne5 e6 7. f3 Bb4 8. e4 Bxe4 9. fxe4 Nxe4 10. Bd2 Qxd4 11. Nxe4 Qxe4+ 12. Qe2 Bxd2+ 13. Kxd2 Qd5+ 14. Kc2 Na6 15. Nxc4 O-O 16. Qe5 Rab8 17. Rd1 Nb4+ 1/2-1/2

[Event "PCA/Intel-GP"]
[Site "Paris"]
[Date "1995.??.??"]
[Round "2"]
[White "Kasparov, Garry"]
[Black "Georgiev, Kiril"]
[Result "1-0"]
[WhiteElo "2795"]
[BlackElo "2605"]
[PlyCount "131"]
[EventDate "1995.11.??"]
[Source "ChessBase"]

1. Nf3 d5 2. d4 Nf6 3. c4 dxc4 4. Nc3 c6 5. a4 Bf5 6. Ne5 Nbd7 7. Nxc4 Qc7 8. g3 e5 9. dxe5 Nxe5 10. Bf4 Rd8 11. Qc1 Bd6 12. Nxd6+ Qxd6 13. Bg2 Qe7 14. O-O a5 15. Nd1 O-O 16. Qc3 Ng6 17. Bg5 Qxe2 18. Bxf6 gxf6 19. Ne3 Be6 20. Qxf6 Qh5 21. Qc3 Ne5 22. Rfd1 Nf3+ 23. Bxf3 Qxf3 24. Rxd8 Rxd8 25. Qxa5 Rd7 26. h4 h6 27. Qe1 Bh3 28. Kh2 Be6 29. a5 Qf6 30. b4 Rd3 31. Kg1 Rxe3 32. fxe3 Bd5 33. Rd1 Qf3 34. Rxd5 Qxd5 35. Qf2 Kg7 36. Kh2 h5 37. Qf4 Qb5 38. Kh3 f5 39. e4 fxe4 40. Qxe4 Qf1+ 41. Kh2 Qf2+ 42. Qg2 Qf5 43. Qd2 Qb5 44. Kg2 Kf7 45. Kf3 Kg6 46. Qd6+ Kf7 47. Qf4+ Kg6 48. Qd6+ Kf7 49. Kf4 Qe2 50. Kg5 Qg4+ 51. Kh6 Qg7+ 52. Kxh5 Qh7+ 53. Kg5 Qg7+ 54. Kf4 Qc3 55. Qc5 Qd2+ 56. Ke5 Qd3 57. Qf2+ Kg8 58. Qf4 Qd5+ 59. Kf6 Qd8+ 60. Kg6 Qe8+ 61. Kg5 Qe7+ 62. Kg4 Qd7+ 63. Qf5 Qd4+ 64. Kh5 Qxb4 65. g4 c5 66. Kg6 1-0

[Event "Foros UKR"]
[Site "?"]
[Date "2006.06.26"]
[Round "9"]
[White "Shirov Alexei"]
[Black "Harikrishna Penteala"]
[Result "1-0"]
[WhiteElo "2699"]
[BlackElo "2680"]
[PlyCount "75"]
[EventDate "2006.??.??"]
[Source "www.chesslib.no"]
[SourceDate "2004.05.04"]

1. d4 d5 2. c4 c6 3. Nf3 Nf6 4. Nc3 dxc4 5. a4 Bf5 6. Ne5 Nbd7 7. Nxc4 Qc7 8. g3 e5 9. dxe5 Nxe5 10. Bf4 Nfd7 11. Bg2 g5 12. Ne3 gxf4 13. Nxf5 O-O-O 14. Qc2 Nc5 15. O-O Ne6 16. Qe4 fxg3 17. hxg3 a5 18. Nb5 cxb5 19. axb5 Nc5 20. Qe3 Ng4 21. Qc3 Ne4 22. Bxe4 Qxc3 23. bxc3 b6 24. Nd4 Nf6 25. Bf3 Kc7 26. Ra4 Nd7 27. Nc6 Re8 28. Rd1 Bc5 29. Nb4 h5 30. Na6+ Kc8 31. Bc6 Re7 32. Bxd7+ Rxd7 33. Rxd7 Kxd7 34. Nxc5+ bxc5 35. Rxa5 h4 36. Ra7+ Ke6 37. Rc7 hxg3 38. fxg3 1-0

[Event "GM"]
[Site "Biel SUI"]
[Date "2007.07.24"]
[Round "2"]
[White "Onischuk, Al"]
[Black "Grischuk, A."]
[Result "1-0"]
[WhiteElo "2650"]
[BlackElo "2726"]
[PlyCount "71"]
[EventDate "2007.07.23"]
[Source "www.chesslib.no"]
[SourceDate "2004.05.04"]

1. d4 d5 2. c4 c6 3. Nc3 Nf6 4. Nf3 dxc4 5. a4 Bf5 6. Ne5 e6 7. f3 Bb4 8. e4 Bxe4 9. fxe4 Nxe4 10. Bd2 Qxd4 11. Nxe4 Qxe4+ 12. Qe2 Bxd2+ 13. Kxd2 Qd5+ 14. Kc2 Na6 15. Nxc4 O-O 16. Qe5 Rab8 17. a5 f6 18. Qxd5 cxd5 19. Ne3 Rfc8+ 20. Kb1 Nc5 21. Ra3 f5 22. Be2 Ne4 23. Rd1 Rc5 24. Nc2 Kf7 25. Nd4 Kf6 26. Rb3 Nd6 27. g4 f4 28. g5+ Ke7 29. Rh3 Rh8 30. Bg4 e5 31. Ne6 Rxa5 32. Nxg7 Ne4 33. Nf5+ Kd8 34. g6 Nf6 35. g7 Re8 36. Bh5 1-0

[Event "Istanbul ol (Men)"]
[Site "Istanbul"]
[Date "2000.11.06"]
[Round "9"]
[White "Topalov, Veselin"]
[Black "Khalifman, Alexander"]
[Result "1-0"]
[WhiteElo "2707"]
[BlackElo "2667"]
[PlyCount "113"]
[EventDate "2000.10.??"]
[Source "www.chesslib.no"]
[SourceDate "2004.05.04"]

1. Nf3 d5 2. d4 Nf6 3. c4 c6 4. Nc3 dxc4 5. a4 Bf5 6. Ne5 e6 7. f3 Bb4 8. e4 Bxe4 9. fxe4 Nxe4 10. Bd2 Qxd4 11. Nxe4 Qxe4+ 12. Qe2 Bxd2+ 13. Kxd2 Qd5+ 14. Kc2 Na6 15. Nxc4 O-O 16. Qe5 Rab8 17. a5 Rfd8 18. Be2 f6 19. Qxd5 cxd5 20. Nd2 Rdc8+ 21. Kb3 Kf7 22. Rhc1 Ke7 23. Ka3 Nc5 24. b4 Nd7 25. Nb3 g6 26. a6 bxa6 27. Nd4 Kd6 28. Rxc8 Rxc8 29. Kb3 Nb6 30. Bxa6 Rb8 31. Nb5+ Kd7 32. Nxa7 e5 33. Bb5+ Kd6 34. Rc1 e4 35. Rc6+ Ke5 36. Rc7 Kf4 37. Rxh7 Ke3 38. Nc6 Rc8 39. Rh6 Rg8 40. Ne7 Rg7 41. Nxg6 d4 42. Rh3+ Kd2 43. Nf4 Rg5 44. Ba6 Rf5 45. Ne6 Rd5 46. Bb7 Rd6 47. Bxe4 Rxe6 48. Rd3+ Ke2 49. Rxd4 Ke3 50. Bf5 Re5 51. Rd6 Nd5 52. g4 Kd4 53. Be6 Re3+ 54. Ka4 Ke5 55. Rxd5+ Kxe6 56. Rh5 Kd6 57. Rh6 1-0

[Event "IV RUS-CHN Match"]
[Site "Nizhniy Novgorod RUS"]
[Date "2007.08.28"]
[Round "8"]
[White "Alekseev, Evgeny"]
[Black "Bu Xiangzhi"]
[Result "1/2-1/2"]
[WhiteElo "2689"]
[BlackElo "2685"]
[PlyCount "132"]
[EventDate "2007.08.20"]
[Source "www.chesslib.no"]
[SourceDate "2004.05.04"]

1. d4 d5 2. Nf3 Nf6 3. c4 c6 4. Nc3 dxc4 5. a4 Bf5 6. Ne5 Nbd7 7. Nxc4 Qc7 8. g3 e5 9. dxe5 Nxe5 10. Bf4 Nfd7 11. Bg2 g5 12. Bxe5 Nxe5 13. Qd4 f6 14. Ne3 Bg6 15. O-O-O Qb6 16. Ne4 Be7 17. f4 Qxd4 18. Rxd4 gxf4 19. gxf4 Nd7 20. Nd6+ Bxd6 21. Rxd6 O-O-O 22. Rhd1 Rhe8 23. Bh3 Rxe3 24. Bxd7+ Kc7 25. Re6 Rxe6 26. Bxe6 Rxd1+ 27. Kxd1 Kd6 28. Bc8 b5 29. Kd2 Kc5 30. Kc3 a5 31. e3 Be4 32. Bg4 h6 33. Be2 Bd5 34. Bd3 Bf3 35. Bc2 Be2 36. Bb3 Bf3 37. Bc2 Bg4 38. Bb3 Be2 39. Bc2 Kd5 40. Kd2 Bf1 41. Bb3+ Kc5 42. Kc3 b4+ 43. Kd2 Kd6 44. Bg8 c5 45. b3 Bg2 46. Kd3 f5 47. Bc4 Bf1+ 48. Kd2 Bg2 49. Ke2 Ke7 50. Kd2 Kf6 51. Bb5 Bd5 52. Kc2 Bf7 53. Be2 Kg6 54. Kb2 Bd5 55. Kc2 Bb7 56. Kd2 Kf6 57. Kc2 Ke6 58. Kb2 Bg2 59. Bc4+ Bd5 60. Be2 Bg2 61. Bc4+ Kf6 62. Be2 Bd5 63. Kc2 Ke6 64. Kb2 Kd6 65. Kc2 Bg2 66. Kd2 Bd5 1/2-1/2

[Event "Mind Sports Games - Blitz Team KO"]
[Site "Pechino CINA"]
[Date "2008.10.14"]
[Round "1.1"]
[White "Harikrishna, P."]
[Black "Bu Xiangzhi"]
[Result "0-1"]
[WhiteElo "2659"]
[BlackElo "2714"]
[PlyCount "86"]
[EventDate "2008.10.13"]
[Source "www.chesslib.no"]
[SourceDate "2004.05.04"]

1. d4 d5 2. c4 c6 3. Nf3 Nf6 4. Nc3 dxc4 5. a4 Bf5 6. Ne5 Nbd7 7. Nxc4 Qc7 8. Qd2 Be6 9. e4 Bxc4 10. Bxc4 e5 11. O-O exd4 12. Qxd4 Bc5 13. Qd1 O-O 14. Kh1 Rad8 15. Qe2 Ne5 16. Bg5 Nxc4 17. Bxf6 gxf6 18. Qxc4 Bb6 19. Qe2 Kh8 20. g3 Qd7 21. Kg2 Qd2 22. Qf3 Kg7 23. Rab1 Qd6 24. Rbd1 Qe5 25. Ne2 Rxd1 26. Rxd1 Rd8 27. Rxd8 Bxd8 28. b3 Bb6 29. Nf4 Kf8 30. Nh5 Ke7 31. Ng7 Qb2 32. Nf5+ Kd7 33. Qd3+ Kc8 34. Qd6 Qxf2+ 35. Kh3 Qf1+ 36. Kh4 Bc7 37. Ne7+ Kb8 38. Qd7 Bxg3+ 39. hxg3 Qh1+ 40. Qh3 Qxe4+ 41. Kh5 Qxe7 42. Kh6 Qe4 43. Qd7 Qg6# 0-1

[Event "1st ACP World Rapid Cup"]
[Site "Odessa UCR"]
[Date "2007.01.06"]
[Round "1.2"]
[White "Radjabov, T."]
[Black "Bareev, E."]
[Result "1-0"]
[WhiteElo "2729"]
[BlackElo "2643"]
[PlyCount "70"]
[EventDate "2007.01.05"]
[Source "www.chesslib.no"]
[SourceDate "2004.05.04"]

1. d4 d5 2. c4 c6 3. Nc3 Nf6 4. Nf3 dxc4 5. a4 Bf5 6. Ne5 e6 7. f3 c5 8. e4 Bg6 9. d5 exd5 10. exd5 Bd6 11. Nxc4 O-O 12. Be2 Na6 13. O-O Nb4 14. Bg5 h6 15. Bxf6 Qxf6 16. Ne4 Bxe4 17. fxe4 Qe7 18. Bh5 Rad8 19. Qe2 Be5 20. Kh1 g6 21. Bg4 Bg7 22. Rae1 Rfe8 23. Qd1 Qg5 24. Qf3 Kh7 25. Bh3 Nc2 26. Rd1 Qe7 27. e5 Nd4 28. Qxf7 Qxf7 29. Rxf7 Rxd5 30. Rxb7 Kh8 31. e6 h5 32. Rd7 Rd6 33. Rd8 Rd7 34. exd7 Rxd8 35. Re1 Rb8 1-0

[Event "Deutschland"]
[Site "?"]
[Date "2004.??.??"]
[Round "?"]
[White "Nielsen, Pet"]
[Black "Shirov, A."]
[Result "1/2-1/2"]
[WhiteElo "2635"]
[BlackElo "2735"]
[PlyCount "71"]
[EventDate "2004.??.??"]
[Source "Chess Informant"]
[SourceDate "2004.02.01"]

1. d4 d5 2. c4 c6 3. Nf3 Nf6 4. Nc3 dxc4 5. a4 Bf5 6. Ne5 Nbd7 7. Nxc4 Qc7 8. g3 e5 9. dxe5 Nxe5 10. Bf4 Nfd7 11. Bg2 g5 12. Ne3 gxf4 13. Nxf5 O-O-O 14. Qc2 Nc5 15. O-O Ne6 16. Qe4 fxg3 17. hxg3 a5 18. Rfc1 Nc5 19. Qf4 h5 20. b4 Ne6 21. Qe4 Bxb4 22. Nb5 Qb8 23. f4 Ng4 24. Rxc6+ bxc6 25. Qxc6+ Nc7 26. Nxc7 Qxc7 27. Qa6+ Kd7 28. Rd1+ Ke8 29. Qc6+ Kf8 30. Qxc7 Rxd1+ 31. Bf1 Kg8 32. Kg2 Rd5 33. Kf3 Nh2+ 34. Kg2 Ng4 35. Kf3 Nh2+ 36. Kg2 1/2-1/2

[Event "World Cup"]
[Site "Khanty-Mansiysk RUS"]
[Date "2007.12.01"]
[Round "3.2"]
[White "Alekseev, Evgeny"]
[Black "Fressinet, L."]
[Result "1-0"]
[WhiteElo "2716"]
[BlackElo "2654"]
[PlyCount "75"]
[EventDate "2007.11.24"]
[Source "www.chesslib.no"]
[SourceDate "2004.05.04"]

1. d4 d5 2. c4 c6 3. Nf3 Nf6 4. Nc3 dxc4 5. a4 Bf5 6. Ne5 Nbd7 7. Nxc4 Qc7 8. g3 e5 9. dxe5 Nxe5 10. Bf4 Nfd7 11. Bg2 f6 12. O-O Nc5 13. Ne3 Bg6 14. b4 Rd8 15. Ned5 cxd5 16. bxc5 Bxc5 17. Qb3 O-O 18. Rfd1 Kh8 19. Nxd5 Qf7 20. h3 Bf5 21. e4 Be6 22. a5 b6 23. axb6 axb6 24. Qc3 Rc8 25. Be3 Ng6 26. Bxc5 bxc5 27. f4 Ne7 28. Ne3 f5 29. Ra7 fxe4 30. f5 Nd5 31. Rxd5 Qxa7 32. fxe6 Rcd8 33. Bxe4 c4 34. Kg2 Rde8 35. Rd7 Qa2+ 36. Bc2 Rf6 37. Nd5 Qa8 38. Kg1 1-0

[Event "Tilburg"]
[Site "?"]
[Date "1988.??.??"]
[Round "?"]
[White "Karpov, An"]
[Black "Timman, J."]
[Result "1-0"]
[WhiteElo "2725"]
[BlackElo "2640"]
[PlyCount "81"]
[EventDate "1988.??.??"]
[Source "ChessBase"]
[SourceDate "1988.07.01"]

1. d4 d5 2. c4 c6 3. Nf3 Nf6 4. Nc3 dxc4 5. a4 Bf5 6. Ne5 e6 7. f3 Bb4 8. e4 Bxe4 9. fxe4 Nxe4 10. Bd2 Qxd4 11. Nxe4 Qxe4+ 12. Qe2 Qh4+ 13. g3 Bxd2+ 14. Kxd2 Qe7 15. Qe3 Na6 16. Bxc4 Nb4 17. Rad1 Nd5 18. Bxd5 cxd5 19. Nd3 O-O 20. Rc1 Rfc8 21. Rhe1 b6 22. Qe5 Qd7 23. b3 h6 24. h4 Qe7 25. Qxd5 Rd8 26. Qf3 Qb4+ 27. Ke2 Qxb3 28. Rc7 Rf8 29. Rxf7 Qxa4 30. Rf1 Qa3 31. Qb7 Rxf7 32. Rxf7 Qa1 33. Rxg7+ Qxg7 34. Qxa8+ Kh7 35. Qe4+ Qg6 36. Qf4 a5 37. g4 e5 38. Nxe5 Qc2+ 39. Ke3 Qc1+ 40. Ke4 Qxf4+ 41. Kxf4 1-0

[Event "Amber-blind 11th"]
[Site "Monaco"]
[Date "2002.03.28"]
[Round "11"]
[White "Piket, Jeroen"]
[Black "Gelfand, Boris"]
[Result "1-0"]
[WhiteElo "2659"]
[BlackElo "2703"]
[PlyCount "95"]
[EventDate "2002.03.16"]
[Source "ChessBase"]
[SourceDate "2002.05.03"]

1. d4 d5 2. c4 c6 3. Nf3 Nf6 4. Nc3 dxc4 5. a4 Bf5 6. Ne5 Nbd7 7. Nxc4 Qc7 8. g3 e5 9. dxe5 Nxe5 10. Bf4 Nfd7 11. Bg2 g5 12. Nxe5 gxf4 13. Nxd7 Bxd7 14. Qd4 Rg8 15. Qe4+ Be7 16. a5 a6 17. Ra4 fxg3 18. hxg3 Rg4 19. f4 f5 20. Qe3 Rg7 21. Kf2 Qd6 22. Rd1 Qg6 23. Rd3 Be6 24. Qb6 Rc8 25. Kf1 Bd8 26. Qc5 Be7 27. Qa7 Bh4 28. Rb4 Bxg3 29. Rxb7 Rxb7 30. Qxb7 Bxf4 31. Bxc6+ Kf8 32. Bd7 Rb8 33. Qxa6 Bh2 34. Qa7 Bc4 35. Qc5+ Kg7 36. Bxf5 Qg5 37. Rd7+ Bf7 38. Qd4+ Kf8 39. Qc5+ Kg7 40. Ne4 Qf4+ 41. Qf2 Kf8 42. Qxf4 Bxf4 43. a6 Be3 44. Kg2 Rxb2 45. Kf3 Rb3 46. Rd3 Rxd3 47. exd3 Bg1 48. Nf2 1-0

[Event "It A"]
[Site "Stepanakert ARM"]
[Date "2005.10.05"]
[Round "4"]
[White "Aronian, L."]
[Black "Bu Xiangzhi"]
[Result "1-0"]
[WhiteElo "2724"]
[BlackElo "2637"]
[PlyCount "137"]
[EventDate "2005.??.??"]
[Source "www.chesslib.no"]
[SourceDate "2004.05.04"]

1. d4 d5 2. c4 c6 3. Nf3 Nf6 4. Nc3 dxc4 5. a4 Bf5 6. Ne5 Nbd7 7. Nxc4 Qc7 8. g3 e5 9. dxe5 Nxe5 10. Bf4 Nfd7 11. Bg2 g5 12. Bxe5 Nxe5 13. Qd4 f6 14. O-O-O Be7 15. Ne3 Be6 16. Qe4 Bb3 17. Rd2 O-O 18. h4 Bc5 19. hxg5 fxg5 20. Bh3 Kh8 21. Bf5 Bxe3 22. fxe3 Bg8 23. Qc2 Rad8 24. Rxd8 Rxd8 25. Ne4 Qg7 26. Rh5 h6 27. Nxg5 Nc4 28. Bd3 Nxe3 29. Qd2 Rd5 30. Qxe3 Rxg5 31. Rh4 Bf7 32. Rd4 Bd5 33. Rf4 Qe5 34. Qf2 Bg8 35. Kb1 a5 36. g4 Kg7 37. Re4 Qd6 38. Qb6 Qd7 39. Rd4 Rd5 40. Bf5 Be6 41. Bxe6 Qxe6 42. Qxb7+ Kf6 43. Rd3 Kg5 44. Qb3 Qe4 45. Ka2 Rxd3 46. exd3 Qd4 47. Qg8+ Kf4 48. Qf7+ Kg3 49. Qc4 Qd6 50. d4 Qf4 51. b4 axb4 52. a5 Kxg4 53. a6 Qe3 54. d5+ Kf5 55. Qc2+ Ke5 56. Qb2+ Kf5 57. dxc6 Qb6 58. Qc2+ Ke6 59. Qa4 Qa7 60. c7 Qxc7 61. a7 Qh2+ 62. Kb3 Qg3+ 63. Kxb4 Qf4+ 64. Kb5 Qe5+ 65. Kb6 Qb2+ 66. Ka6 Qg2 67. Qe8+ Kd6 68. Qd8+ Kc5 69. Qf8+ 1-0

[Event "Blindfold World Cup"]
[Site "Bilbao ESP"]
[Date "2007.10.19"]
[Round "7"]
[White "Harikrishna, P."]
[Black "Bu Xiangzhi"]
[Result "0-1"]
[WhiteElo "2668"]
[BlackElo "2692"]
[PlyCount "83"]
[EventDate "2007.10.16"]
[Source "www.chesslib.no"]
[SourceDate "2004.05.04"]

1. d4 d5 2. Nf3 Nf6 3. c4 c6 4. Nc3 dxc4 5. a4 Bf5 6. Ne5 Nbd7 7. Nxc4 Nb6 8. Ne5 a5 9. e3 Nbd7 10. Qb3 Nxe5 11. dxe5 Nd7 12. e4 Be6 13. Qxb7 Rb8 14. Qxc6 Rb6 15. Bb5 Rxc6 16. Bxc6 Qc7 17. Bb5 g6 18. O-O Bg7 19. Be3 O-O 20. f4 Nxe5 21. fxe5 Bxe5 22. h3 Bc4 23. Nd5 Bxd5 24. exd5 Bxb2 25. Rad1 Rd8 26. Kh1 h5 27. Bc6 Rb8 28. Bb5 Ba3 29. Bg5 Qc2 30. Bh4 Bd6 31. Rde1 Qc5 32. Rd1 Qb4 33. Be1 Qe4 34. Bc3 Rc8 35. Bc6 Rb8 36. Bb5 Qc2 37. Bxa5 Qb2 38. Bd2 Qb3 39. Rc1 Qg3 40. Kg1 Qh2+ 41. Kf2 Qe5 42. Rfd1 0-1

[Event "Camp. russo a squadre 2007"]
[Site "Sochi RUS"]
[Date "2007.05.07"]
[Round "6"]
[White "Jobava, Ba"]
[Black "Shirov, A."]
[Result "0-1"]
[WhiteElo "2658"]
[BlackElo "2699"]
[PlyCount "80"]
[EventDate "2007.05.02"]
[Source "www.chesslib.no"]
[SourceDate "2004.05.04"]

1. d4 d5 2. c4 c6 3. Nc3 Nf6 4. Nf3 dxc4 5. a4 Bf5 6. Ne5 Nbd7 7. Nxc4 Nb6 8. Ne5 a5 9. e3 g6 10. Bd3 Bxd3 11. Nxd3 Bg7 12. Qb3 O-O 13. O-O Nfd7 14. Ne2 Qc7 15. e4 Nc8 16. f3 Rd8 17. Ne5 e6 18. Nc4 Ne7 19. Be3 b6 20. Rac1 Rab8 21. Qa3 c5 22. dxc5 bxc5 23. Bf4 e5 24. Bg5 f6 25. Bd2 Nc6 26. Rfd1 Nb4 27. Nc3 Nb6 28. Nb5 Nxc4 29. Qb3 Qf7 30. Qxc4 Qxc4 31. Rxc4 Bh6 32. Bxh6 Rxd1+ 33. Kf2 g5 34. h4 Kf7 35. h5 Rbd8 36. Kg3 Na6 37. Kg4 Ke6 38. g3 R1d2 39. b3 R2d3 40. Nc3 Rb8 0-1

[Event "France"]
[Site "?"]
[Date "2004.??.??"]
[Round "?"]
[White "Bologan, V."]
[Black "Sokolov, I."]
[Result "1/2-1/2"]
[WhiteElo "2665"]
[BlackElo "2690"]
[PlyCount "72"]
[EventDate "2004.??.??"]
[Source "Chess Informant"]
[SourceDate "2004.06.01"]

1. d4 d5 2. c4 c6 3. Nf3 Nf6 4. Nc3 dxc4 5. a4 Bf5 6. Ne5 Nbd7 7. Nxc4 Nd5 8. g3 Nb4 9. e4 Bg4 10. Be2 Bh3 11. f4 e6 12. Bf3 Be7 13. Kf2 Nf6 14. Be3 h5 15. Ne5 Bd6 16. a5 Qe7 17. Qb3 Rd8 18. Na4 Bxe5 19. fxe5 Nd7 20. Bg2 Bxg2 21. Kxg2 Nxe5 22. dxe5 Rd3 23. Qc4 Rxe3 24. Nc5 Qg5 25. Rhf1 h4 26. Rxf7 Qg4 27. Raf1 Nd5 28. Rxb7 Rxg3+ 29. Kh1 Rg1+ 30. Rxg1 Qf3+ 31. Rg2 Qd1+ 32. Rg1 Qf3+ 33. Rg2 h3 34. Rb8+ Kf7 35. Rb7+ Ke8 36. Rb8+ Kf7 1/2-1/2